Labor Market Environment of Public Administration

Rozvoj maďarskej verejnej správy. Orgány na centrálnej organizačnej úrovni administratívnej hierarchie budovanej centrálne. Väčšina úloh vykonávaných strednou úrovňou správy. Dodávanie ľudských zdrojov, požiadavky na kapacitu a rozvojový potenciál verejných služieb. Všeobecné územné orgány. Kvalitat...

ver descrição completa

Na minha lista:
Detalhes bibliográficos
Autor principal: Kormány, Béla
Formato: Capítulo de Livro
Idioma:inglês
Assuntos:
Tags: Adicionar Tag
Sem tags, seja o primeiro a adicionar uma tag!

MARC

LEADER 00000naa a2200000 4500
001 0259342
005 20191031093635.9
041 0 |a eng 
044 |a SK 
245 1 0 |a Labor Market Environment of Public Administration  |c Béla Kormány 
520 |a Rozvoj maďarskej verejnej správy. Orgány na centrálnej organizačnej úrovni administratívnej hierarchie budovanej centrálne. Väčšina úloh vykonávaných strednou úrovňou správy. Dodávanie ľudských zdrojov, požiadavky na kapacitu a rozvojový potenciál verejných služieb. Všeobecné územné orgány. Kvalitatívne a kvantitatívne ukazovatele. 
610 2 0 |a správa verejná 
610 2 0 |a zdroje ľudské 
610 2 0 |a trh práce 
610 2 0 |a platy osobné 
610 2 0 |a prostredie pracovné 
610 2 0 |a orgány štátne 
610 2 0 |a služby verejné 
100 1 |a Kormány, Béla